The merciful Crow. #1 / Margaret Owen.
Available copies
- 3 of 3 copies available at LARL/NWRL Consortium.
- 2 of 2 copies available at Lake Agassiz Regional Library. (Show preferred library)
Current holds
0 current holds with 3 total copies.
Show Only Available Copies
| Location | Call Number / Copy Notes | Barcode | Shelving Location | Status | Due Date |
|---|---|---|---|---|---|
| Crookston Public Library | Y OWE (Text) | 33500013103502 | Main | Available | - |
| Moorhead Public Library | Y OWE (Text) | 33500013103494 | Main | Available | - |
| Roseau Public Library | ya OWE (Text) | 35500006201014 | Main | Available | - |
Record details
- ISBN: 9781250191922
- ISBN: 1250191920
- Physical Description: 373 pages ; 24 cm
- Edition: First edition.
- Publisher: New York : Henry Holt and Company, [2019]
Content descriptions
| General Note: | Series information from Goodreads.com. |
| Summary, etc.: | Fie, a sixteen-year-old chieftain from a lowly ... Read More Fie's Crow caste of undertakers and mercy-killers ... Read More |
Search for related items by subject
| Subject: | Euthanasia > Juvenile fiction. Fantasy. Euthanasia > Fiction. Plague > Fiction. Witches > Fiction. Kings, queens, rulers, etc. > Fiction. JUVENILE FICTION / Royalty. |
| Genre: | Young adult fiction. Fantasy fiction. Fiction. Young adult works. Fantasy fiction. Novels. |
Search for related items by series
| LDR | 02615cam a22005658i 4500 | ||
|---|---|---|---|
| 001 | 320828 | ||
| 003 | LARL_NWRL_CONSORTIUM | ||
| 005 | 20190801132128.0 | ||
| 008 | 180921s2019 nyu d 000 f eng | ||
| 010 | . | ‡a 2018038716 | |
| 040 | . | ‡aDLC ‡beng ‡erda ‡cDLC ‡dOCLCO ‡dTOH ‡dUKMGB ‡dOCLCO ‡dORX ‡dOCLCF ‡dJSE ‡dUIU ‡dGK8 ‡dXZH ‡dILC | |
| 015 | . | ‡aGBB9A0970 ‡2bnb | |
| 016 | 7 | . | ‡a019427428 ‡2Uk |
| 020 | . | ‡a9781250191922 ‡q(hardcover) | |
| 020 | . | ‡a1250191920 ‡q(hardcover) | |
| 035 | . | ‡a(OCoLC)1045204880 | |
| 042 | . | ‡apcc ‡alcac | |
| 082 | 0 | 0. | ‡a[Fic] ‡223 |
| 100 | 1 | . | ‡aOwen, Margaret, ‡d1986- ‡eauthor. |
| 245 | 1 | 4. | ‡aThe merciful Crow. ‡n#1 / ‡cMargaret Owen. |
| 250 | . | ‡aFirst edition. | |
| 264 | 1. | ‡aNew York : ‡bHenry Holt and Company, ‡c[2019] | |
| 300 | . | ‡a373 pages ; ‡c24 cm | |
| 336 | . | ‡atext ‡btxt ‡2rdacontent | |
| 337 | . | ‡aunmediated ‡bn ‡2rdamedia | |
| 338 | . | ‡avolume ‡bnc ‡2rdacarrier | |
| 490 | 0 | . | ‡aMerciful Crow ; ‡v1 |
| 520 | . | ‡aFie, a sixteen-year-old chieftain from a lowly cast of mercy-killers, must rely on her wits and bone magic to smuggle the crown prince of Sabor to safety. | |
| 500 | . | ‡aSeries information from Goodreads.com. | |
| 520 | . | ‡aFie's Crow caste of undertakers and mercy-killers takes more abuse than coin; when they're called to collect royal dead, she's hoping they’ll find the payout of a lifetime. But Crown Prince Jasimir faked his death, and Fie's ready to cut his throat. He offers a wager that she can't refuse: protect him from a ruthless queen, and he'll protect the Crows when he reigns. Hawk warrior Tavin, Jas's bodyguard, magically assumed the prince's appearance and shadowed his every step, but is beginning to want something to call his own. The trio must form an uneasy alliance to escape Queen Rhusana. -- adapted from jacket | |
| 650 | 0. | ‡aEuthanasia ‡vJuvenile fiction. | |
| 650 | 1. | ‡aFantasy. ‡0(LARL_NWRL_CONSORTIUM)178184 | |
| 650 | 1. | ‡aEuthanasia ‡vFiction. | |
| 650 | 1. | ‡aPlague ‡vFiction. ‡0(LARL_NWRL_CONSORTIUM)166717 | |
| 650 | 1. | ‡aWitches ‡vFiction. ‡0(LARL_NWRL_CONSORTIUM)168002 | |
| 650 | 1. | ‡aKings, queens, rulers, etc. ‡vFiction. | |
| 650 | 7. | ‡aJUVENILE FICTION / Royalty. ‡2bisacsh | |
| 655 | 0. | ‡aYoung adult fiction. | |
| 655 | 7. | ‡aFantasy fiction. ‡2fast | |
| 655 | 7. | ‡aFiction. ‡2fast | |
| 655 | 7. | ‡aYoung adult works. ‡2fast | |
| 655 | 7. | ‡aFantasy fiction. ‡2lcgft | |
| 655 | 7. | ‡aNovels. ‡2lcgft | |
| 901 | . | ‡a320828 ‡bOCoLC ‡c320828 ‡tbiblio ‡soclc | |

Add to basket
Permalink
Enable Highlighting